| 000 | 00000nam##2200000za#4500 |
| 001 | 9.570532 |
| 003 | CaOODSP |
| 005 | 20210624182302 |
| 007 | cr ||||||||||| |
| 008 | 150406|2005||||xxc|||||o f|0| 0 eng|d |
| 022 | |a1919-5087 |
| 040 | |aCaOODSP|beng |
| 043 | |an-cn--- |
| 086 | 1 |aFs70-6/2005-029E-PDF |
| 110 | 1 |aCanada. |bDepartment of Fisheries and Oceans. |bNewfoundland and Labrador Region. |
| 245 | 10|a2004 state of the ocean - chemical and biological oceanographic conditions in the Newfoundland and Labrador region |h[electronic resource] |
| 246 | 1 |aNewfoundland and Labrador region - oceanographic conditions |
| 260 | |aDartmouth - Nova Scotia : |bFisheries and Oceans Canada. |cMay 2005. |
| 300 | |a7p.|bcoloured map, figs. (some coloured), graphs, illus., references |
| 490 | 1 |aCanadian Science Advisory Secretariat science advisory report |x1919-5087|v2005/029, Newfoundland and Labrador Region |
| 590 | |a11-11-Supp|b2011-07-13 |
| 775 | 08|tÉtat de l'océan en 2004 : conditions d'océanographie chimique et biologique dans la région de Terre-Neuve et du Labrador |w(CaOODSP)9.601180 |
| 830 | #0|aScience advisory report (Canadian Science Advisory Secretariat)|x1919-5087|v2005/029, Newfoundland and Labrador Region|w(CaOODSP)9.506226 |
| 856 | 40|ahttp://publications.gc.ca|qPDF|s291 KB|uhttps://publications.gc.ca/collections/collection_2011/mpo-dfo/Fs70-6-2005-029-eng.pdf|y2005/029, Newfoundland and Labrador Region |